000 00346pam a2200157a 44500
008 230515b2000 xxu||||| |||| 00| 0 eng d
020 _aNULL
041 _aENGLISH
082 _aN.D.
100 _aGupta R. K.
245 _aDictinary Of Physical Edu.
250 _a0
260 _aNULL
_bSports Pub.
_c2000
300 _a184
650 _aNULL
999 _c584948
_d584948